Quantitative methods : (Record no. 6622)

MARC details
000 -LEADER
fixed length control field 01046nam a22003255a 4500
003 - CONTROL NUMBER IDENTIFIER
control field EG-ScBUE
005 - DATE AND TIME OF LATEST TRANSACTION
control field 20241127100251.0
008 - FIXED-LENGTH DATA ELEMENTS--GENERAL INFORMATION
fixed length control field 080804s2004 enka f 001 0 eng d
020 ## - INTERNATIONAL STANDARD BOOK NUMBER
International Standard Book Number 1861529910
020 ## - INTERNATIONAL STANDARD BOOK NUMBER
International Standard Book Number 9781861529916
040 ## - CATALOGING SOURCE
Original cataloging agency EG-ScBUE
Language of cataloging eng
Description conventions rda
Transcribing agency EG-ScBUE
Modifying agency EG-ScBUE
082 04 - DEWEY DECIMAL CLASSIFICATION NUMBER
Classification number 519.502465
Item number CUR
Edition number 22
100 1# - MAIN ENTRY--PERSONAL NAME
Personal name Curwin, Jon,
Relator term author.
245 ## - TITLE STATEMENT
Title Quantitative methods :
Remainder of title a short course /
Statement of responsibility, etc Jon Curwin and Roger Slater.
264 #1 - PUBLICATION, DISTRIBUTION, ETC. (IMPRINT)
Place of publication, distribution, etc London :
Name of publisher, distributor, etc Thomson Learning,
Date of publication, distribution, etc 2004.
300 ## - PHYSICAL DESCRIPTION
Extent xiii, 326 pages :
Other physical details color illustrations ;
Dimensions 25 cm
336 ## - CONTENT TYPE
Source rdacontent
Content type term text
Content type code txt
337 ## - MEDIA TYPE
Media type term unmediated
Source rdamedia
Media type code n
338 ## - CARRIER TYPE
Carrier type term volume
Carrier type code nc
Source rdacarrier
500 ## - GENERAL NOTE
General note Includes index.<br/>
500 ## - GENERAL NOTE
General note Includes glossary.<br/>
590 ## - LOCAL NOTE (RLIN)
Local note yassmeen ashraf
650 #7 - SUBJECT ADDED ENTRY--TOPICAL TERM
Topical term or geographic name as entry element Commercial statistics.
Source of heading or term BUEsh
650 #7 - SUBJECT ADDED ENTRY--TOPICAL TERM
Topical term or geographic name as entry element Industrial management
General subdivision Mathematical models.
Source of heading or term BUEsh
651 ## - SUBJECT ADDED ENTRY--GEOGRAPHIC NAME
Source of heading or term BUEsh
653 ## - INDEX TERM--UNCONTROLLED
Resource For college Engineering, General
Arrived date list August2015
655 ## - INDEX TERM--GENRE/FORM
Form subdivision Reading book
700 1# - ADDED ENTRY--PERSONAL NAME
Personal name Slater, Roger,
Relator term author.
942 ## - ADDED ENTRY ELEMENTS (KOHA)
Koha item type Book - Borrowing
Source of classification or shelving scheme Dewey Decimal Classification
Holdings
Withdrawn status Lost status Source of classification or shelving scheme Damaged status Not for loan Collection code Home library Current library Shelving location Date acquired Source of acquisition Total Checkouts Full call number Barcode Date last seen Uniform Resource Identifier Cost, replacement price Koha item type Price effective from
    Dewey Decimal Classification     Baccah Central Library Central Library First floor 11/12/2007 Purchase   519.502465 CUR 000013912 15/07/2025 8260 2028.00 Book - Borrowing  
    Dewey Decimal Classification     Baccah Central Library Central Library First floor 01/08/2022 Purchase   519.502465 CUR 000008307 15/07/2025     Book - Borrowing 01/08/2022